000 00427pab a2200169 454500
008 180718b1997 xxu||||| |||| 00| 0 eng d
100 _aFitzgerald, Timothy
245 _aAmbedkar Buddhism in Maharashtra
260 _c1997
300 _ap.225-51
362 _aJul-Dec
650 _aBuddhism
650 _aAmbedkar on Buddhism
650 _aAmbedkar, B.R.
773 _aContributions to Indian Sociology
909 _a37364
999 _c37364
_d37364